History Quiz

Random History or Politics Quiz

2016 GOP Presidential Candidates Quiz Stats

Quiz Updated Oct 11, 2015

Challenge
Share
Tweet
Embed
Score 0/17 Timer 04:00
0 Plays Today
Occupation Candidate % Correct
Real Estate MogulDonald Trump
96.9%
Former Governor of FloridaJeb Bush
94.6%
Governor of New JerseyChris Christie
89%
Retired Pediatric NeurosurgeonBen Carson
86.2%
U.S. Senator from TexasTed Cruz
83.1%
U.S. Senator from FloridaMarco Rubio
83%
U.S. Senator from KentuckyRand Paul
76.5%
Chairwoman of the ACU FoundationCarly Fiorina
70.7%
Governor of OhioJohn Kasich
70%
Occupation Candidate % Correct
Former Governor of TexasRick Perry
69.6%
Governor of Louisiana Bobby Jindal
69.2%
Former Governor of ArkansasMike Huckabee
68.7%
Governor of WisconsinScott Walker
68%
U.S. Senator from South CarolinaLindsey Graham
57.8%
Former U.S. Senator from PennsylvaniaRick Santorum
55.1%
Former Governor of New YorkGeorge Pataki
47.1%
Former Governor of VirginiaJim Gilmore
26.9%

You're not logged in!

Compare scores with friends on all Sporcle quizzes.
Join for Free
OR
Log In

You Might Also Like...

Show Comments

Extras

Top Quizzes Today


Score Distribution

Your Account Isn't Verified!

In order to create a playlist on Sporcle, you need to verify the email address you used during registration. Go to your Sporcle Settings to finish the process.

Report this User

Report this user for behavior that violates our Community Guidelines.

Details: